| 000 | 00391nam a22001457a 4500 | ||
|---|---|---|---|
| 005 | 20240827144905.0 | ||
| 008 | 240827b |||||||| |||| 00| 0 eng d | ||
| 041 | _aEnglish | ||
| 082 | _a349 LAW | ||
| 100 | _lEnglish | ||
| 245 | _aThe Laws of the Republic of Namibia 1999 | ||
| 300 |
_b33 pages; _c25 cm. |
||
| 650 |
_aLegal practice _bLaw |
||
| 942 |
_cBK _6ALISON_BN_VRIES |
||
| 999 |
_c2883 _d2883 |
||